25 Jesuit knigts of God / (Registro nro. 13798)

Detalles MARC
000 -LIDER
fixed length control field 00812nam a22002777a 4500
003 - IDENTIFICACDOR DE NÚMERO DE CONTROL
control field DO-SdBNP
005 - DATE AND TIME OF LATEST TRANSACTION
control field 20211018132535.0
007 - CAMPOS FIJOS DE DESCRIPCIÓN FÍSICA
fixed length control field ta
008 - ELEMENTOS DE LONGITUD FIJA
fixed length control field 210705e2017 dr ac||||| 001spa d
020 ## - ISBN
International Standard Book Number 9789945167009
040 ## - FUENTE DE CATALOGACIÓN
Agencia que crea de manera original el registro DO-SdBNP
Idioma de catalogación eng
Agencia que realiza la transcripción BPMSU
041 ## - CÓDIGOS DE OBRAS TRADUCIDAS O EN VARIOS IDIOMAS
Cód. del idioma original y/o traducciones intermedias del texto eng
082 ## - NÚMERO DE CLASIFICACIÓN DECIMAL DE DEWEY
Classification number R922.2
Item number C322v 2017
Edition number 22
100 1# - ASIENTO PRINCIPAL -- NOMBRE PERSONAL
Nombre personal Cartaya, Pedro
Mención de responsabilidad Padre
245 13 - MENCIÓN DE TITULO
Título 25 Jesuit knigts of God /
Mención de responsabilidad Pedro Cartaya ; Marcelino García , pról.
246 13 - VARIACION DEL TÍTULO
Título propiamente dicho o título corto twenty-five jesuit knigts of God
260 ## - PUBLICACIÓN, DISTRIBUCIÓN, ETC. (PIE DE IMPRENTA)
Lugar de publicación, distribución, etc Santo Domingo :
Nombre del editor, distribuidor, etc. Editora Búho,
Fecha de publicación, distribución, etc 2017
300 ## - DESCRIPCIÓN FÍSICA
Extensión 61 p.;
Dimensiones 23 cm
Otros detalles físicos il., retr.
546 ## - NOTA DE IDIOMA
Nota de idioma Texto en inglés
590 ## - NOTA LOCAL
Texto de la nota local Inventariado 2021/VM
650 #4 - ENCABEZAMIENTO DE MATERIA--TEMÁTICO
Término temático o nombre geográfico como elemento de entrada Jesuitas
Subdivisión temática general Vida espiritual
650 #4 - ENCABEZAMIENTO DE MATERIA--TEMÁTICO
Término temático o nombre geográfico como elemento de entrada Jesuistas
Subdivisión temática general Biografías
700 1# - ASIENTO SECUNDARIO -- NOMBRE PERSONAL
Nombre personal García, Marcelino
Mención de responsabilidad pról.
910 ## - VALIDACIÓN
Validación VMateo V.
942 ## - ADDED ENTRY ELEMENTS (KOHA)
Source of classification or shelving scheme Dewey Decimal Classification
Koha item type Libros
Existencias
Withdrawn status Lost status Source of classification or shelving scheme Damaged status Not for loan Collection code Home library Current library Date acquired Source of acquisition Full call number Barcode Date last seen Price effective from Koha item type
    Dewey Decimal Classification     Colección Dominicana Biblioteca Pública Metropolitana Salomé Ureña Biblioteca Pública Metropolitana Salomé Ureña 10/18/2021 Editora Búho BPMSU CD R922.2 C322v 2017 BPMSU21100104 10/18/2021 10/18/2021 Libros